El hombre, una mirada

Guardat en:
Dades bibliogràfiques
Autor principal: González Fernández, Enrique (Autor)
Format: Llibre
Idioma:espanyol
Publicat: Madrid Cultiva 2009
Edició:1a. ed
Col·lecció:Colección Básica, 34
Matèries:
Etiquetes: Afegir etiqueta
Sense etiquetes, Sigues el primer a etiquetar aquest registre!

MARC

LEADER 00000nam a2200000 a 4500
001 UCG6285
003 CL-VaPUC
008 110414e20090200SP |||||||||||||||||spa|d
020 |a 9788492670703 
082 0 4 |a 861  |b GON  |2 21 
100 |a González Fernández, Enrique  |e author  |9 556365 
245 1 3 |a El hombre, una mirada 
250 |a 1a. ed 
300 |a 60 p 
942 |c BK 
945 |d 20110414 00:00:00  |a jcampos 
260 |a Madrid  |b Cultiva  |c 2009 
650 0 |a Poesías españolas  |9 265100 
650 0 |a Literatura española  |9 306261 
650 0 |a Literatura cristiana  |9 402861 
583 |a last modification  |c 20110414 00:00:00  |k Rodrigo Vera 
490 0 |a Colección Básica, 34 
999 |c 344553  |d 344551 
952 |0 0  |1 0  |4 0  |6 861_000000000000000_GON_2009  |7 0  |8 A  |9 442581  |a BIBTEO  |b BIBTEO  |d 2019-11-22  |i 4767012  |o 861 GON 2009  |p 4767012  |r 2025-01-17  |w 2019-11-22  |y BK  |k ICR